000 00982cam a2200253 a 4500
001 000006636
005 20200929153949.0
008 840831s1982 sp a b 001 0 spa
020 _a842760579X
040 _aDO-SdBNP
_cDLC
_dDLC
082 _a909.8
_bC348c
100 1 _aCastelar, Emilio,
_d1832-1899.
_93312
245 1 0 _aCrónica internacional /
_cEmilio Castelar ; edición, Damaso de Lario.
260 _aMadrid :
_bNacional,
_c1982.
300 _a476 p. :
_bil. ;
_c21 cm.
490 1 _aClásicos para una biblioteca contemporánea
_vno. 15
_aPensamiento
504 _aIncluye referencias bibliográficas, índice y notas al pie de las páginas.
650 4 _aPolítica mundial
_ySIGLO XIX
_xCronología
_918427
650 4 _aGeopolítica
_918428
650 4 _aPolítica internacional
_92879
700 1 _aLario Rámirez, Damaso,
_eed.
_918429
830 0 _aClásicos para una biblioteca contemporánea ;
_vno. 15.
_pPensamiento.
_918430
910 _aCatalogación por copia / LC
999 _c6426
_d6426